|
|
|
|
| LEADER |
00965nam a2200253 i 4500 |
| 001 |
c000237517 |
| 003 |
CARM |
| 005 |
00000000000000.0 |
| 008 |
840301s1976 nyu 0 eng d |
| 019 |
1 |
|
|a 746888
|5 LACONCORD2021
|
| 020 |
|
|
|a 0824764013
|
| 035 |
|
|
|a (OCoLC)2284659
|5 LACONCORD2021
|
| 082 |
0 |
4 |
|a 346/.73/0482
|
| 100 |
1 |
|
|a Nasri, William Z.
|
| 245 |
1 |
0 |
|a Crisis in copyright /
|c William Z. Nasri.
|
| 260 |
|
|
|a New York :
|b Dekker,
|c c1976.
|
| 300 |
|
|
|a xii, 174 p. :
|b ill. ;
|c 24 cm.
|
| 440 |
|
0 |
|a Books in library and information science ;
|v 18
|
| 504 |
|
|
|a Bibliography: p. 161-166.
|
| 650 |
|
0 |
|a Photocopying
|x Fair use (Copyright)
|z United States.
|
| 650 |
|
0 |
|a Photocopying services in libraries
|z United States.
|
| 852 |
8 |
|
|b CARM
|h A1:AQ07D0
|i C08969
|p 0365382
|f BK
|
| 999 |
f |
f |
|i bb67e509-4229-5af7-9440-3992f04670de
|s 3242be93-e8c8-5a52-88eb-10f57d7da4d9
|
| 952 |
f |
f |
|p Can circulate
|a CAVAL
|b CAVAL
|c CAVAL
|d CARM 1 Store
|e C08969
|f A1:AQ07D0
|h Other scheme
|i book
|m 0365382
|